Szczegóły MARC21

Gry i zabawy z piłką : wytyczne do organizacji gry w piłkę nożną w szkołach podstawowych /

003 -Nazwa inst., której nr kontr. jest w polu 001 [,]
    • @
    • Nazwa instytucji, której n kontrolny jest w polu 001
    • NUKAT
005 -DATA I CZAS OSTATNIEJ MODYFIKACJI [,]
    • @
    • pole kontrolne
    • 20241231112134.0
020 -Międzynarod. znormalizowany nr książki - ISBN [ , ]
    • a
    • Numer ISBN
    • 9788392799689 Find
040 -Instytucja sporządzająca opis [ , ]
    • a
    • Instytucja, która sporządziła opis (NP)
    • KR U/GK
    • c
    • Instytucja, która sporządziła rekord (NP)
    • KR U/GK
    • d
    • Instytucja, która zmodyfikowała rekord (P)
    • KR U/MM
    • d
    • Instytucja, która zmodyfikowała rekord (P)
    • KR U/PAWs
041 -Język dokumentu [1, ]
    • a
    • Język tekstu (P)
    • polski
    • h
    • Język tekstu oryginalnego i/lub pośredniego (P)
    • niemiecki
942 -Rodzaj dokumentu [ , ]
    • c
    • Rodzaj dokumentu
    • Książka
245 -Strefa tytułu i oznaczenia odpowiedzialności [0,0]
    • a
    • Tytuł
    • Gry i zabawy z piłką : Find
    • b
    • Ciąg dalszy tytułu (NP)
    • wytyczne do organizacji gry w piłkę nożną w szkołach podstawowych / Find
    • c
    • Pozostałe elementy strefy tytułu i oznaczenia odpowiedzialności (NP)
    • [aut. Ulrich Frick et al. ; tł.: Biuro Tłumaczeń "Centrum Europy"] ; Polski Związek Piłki Nożnej.
246 -Wariant tytułu [3,0]
    • a
    • Tytuł (NP)
    • Wytyczne do organizacji gry w piłkę nożną w szkołach podstawowych
260 -Strefa adresu wydawniczego [ , ]
    • a
    • Miejsce wydania (P)
    • [Warszawa] :
    • b
    • Nazwa wydawcy (P)
    • Polski Związek Piłki Nożnej,
    • c
    • Data wydania (P)
    • [2012].
300 -Strefa opisu fizycznego [ , ]
    • a
    • Określenie formy książki i/lub objętość (NP)
    • 50 s. :
    • b
    • Oznaczenie ilustracji (NP)
    • il. kolor. ;
    • c
    • Format (NP)
    • 30 cm.
336 -Typ zawartości [ , ]
    • a
    • Termin opisujący typ zawartości
    • Tekst
    • b
    • Kod określający zawartość
    • txt
    • 2
    • Źródło (terminu i kodu)
    • rdacontent
337 -Typ mediów [ , ]
    • a
    • Tryb odtwarzania
    • Bez urządzenia pośredniczącego
    • b
    • Kod typu mediów
    • n
    • 2
    • Źródło (terminu i kodu)
    • rdamedia
338 -Typ/rodzaj nośnika [ , ]
    • a
    • Hasło opisujące typ nośnika
    • Wolumin
    • b
    • Kod typu nośnika
    • nc
    • 2
    • Źródło (terminu i kodu)
    • rdacarrier
500 -Uwaga ogólna [ , ]
    • a
    • Uwaga ogólna (NP)
    • Na podstawie materiałów Niemieckiego Związku Piłki Nożnej. Opis wg okł.
510 -Uwaga dot. cytaty bibliograficznej [3, ]
    • a
    • Nazwa źródła
    • Data wyd. wg BN.
546 -Uwaga dot. języka [ , ]
    • a
    • Uwaga dot. języka
    • Tł. z niem.
080 -Uniwersalna Klasyfikacja Dziesiętna [ , ]
    • 2
    • Identyfikator wydania tablic
    • UDC-P058
    • 9
    • UKD
    • 13970
    • a
    • Symbol klasyfikacji
    • 796.332.015
    • b
    • Dopowiedzenie
    • Piłka nożna. - Trening, przygotowanie sportowe.
    • 4
    • UKD2
    • 8327
    • x
    • Poddział wspólny
    • (072.2)
    • c
    • Dopowiedzenie poddz. wspólnego
    • (Materiały do nauczania w szkole podstawowej).
650 -Hasło przedmiotowe [ ,7]
    • a
    • Hasło przedmiotowe
    • Piłka nożna dla dzieci.
    • 2
    • Źródło terminu
    • kaba
    • 9
    • KHW
    • 150744
650 -Hasło przedmiotowe [ ,7]
    • a
    • Hasło przedmiotowe
    • Wychowanie fizyczne
    • x
    • Określnik rzeczowy
    • studia i nauczanie (podstawowe).
    • 2
    • Źródło terminu
    • kaba
    • 9
    • KHW
    • 354232
980 -Symbol UKD [ , ]
    • a
    • UKD
    • 796.332.015(072.2)
700 -Hasło dodatkowe - nazwa osobowa [1, ]
    • a
    • Nazwa osobowa (NP)
    • Frick, Ulrich Find
    • d
    • Daty biograficzne (NP)
    • (1959- ).
    • 9
    • KHW
    • 676142
710 -Hasło dodatkowe - nazwa ciała zbiorowego [2, ]
    • a
    • Nazwa ciała zbiorowego lub nazwa geograficzna jako pierwszy element (NP)
    • Polski Związek Piłki Nożnej.
    • 4
    • Kod relacji
    • pbl
    • 9
    • KHW
    • 52237
710 -Hasło dodatkowe - nazwa ciała zbiorowego [2, ]
    • a
    • Nazwa ciała zbiorowego lub nazwa geograficzna jako pierwszy element (NP)
    • Centrum Europy.
    • 9
    • KHW
    • 77437
920 -ISBN [ , ]
    • a
    • ISBN
    • 978-83-927996-8-9 Find
Numer inwentarzowy Data inwentaryzacji Sygnatura Status udost. Lokalizacja
Z.1204002015-05-28 1BG
WM.173222015-05-28 -3BG
WM.173232015-05-28 -3BG
WF.92492013-02-08Piłka nożna 601BM
WF.96752015-05-28 -3BM
WF.96762015-05-28 -3BM
WF.96772015-05-28 -3BM
WF.92482013-02-08 -3BM